00326pab a2200133 454500008004000000100001700040245005200057260000900109300000800118362001100126650002200137650001400159773001900173180718b1996 xxu||||| |||| 00| 0 eng d aTrikha, N.K. aElectoral reformsbstate funding as first step. c1996 ap.8 a26 Jan aElections - India aElections aIndian Express